000 01198nam a2200337 i 4500
003 EG-GICUC
005 20260219221857.0
008 260219s1993 ua ||||fr ||| 00| 0 ara d
017 _a1993/4190
020 _a9770409723
040 _aEG-GICUC
_cEG-GICUC
_dEG-GICUC
_erda
_bara
041 0 _aara
082 0 4 _a341.13
_bع ص . م
092 0 4 _221
099 _aLaw1 11 341.13 ع ص . م 1993
100 0 _aعصام زناتي
_eمؤلف.
245 1 2 _aمفهوم الضرر في مجال المسئولية الدولية /
_cعصام زناتي .
264 0 _aمصر :
_bدار النهضة العربية
_c1993 .
300 _a203 صفحة ؛
_c30 سم.
_bإيضاحيات، صور، مثيليات ؛
336 _atext
_2rda content
337 _aComputer
_2rda media
338 _aOnline Resource
_2rda carrier
504 _a. 240-220 ببليوجرافيا: صفحات.
546 _aالنص باللغة العربية
650 0 4 _aالقانون الدولي العام
_2qrmak
650 0 4 _aالمسئولية الدولية
_2qrmak
651 1 _2qrmak
856 _uhttps://fll.law.cu.edu.eg/fulltext/th/B11-07700.pdf
905 _a59
942 _2ddc
_cBK
_e21
_n0
999 _c63883
_d63883